[Event "Oberliga Ost A"]
[Site "?"]
[Date "2022.04.03"]
[Round "11.7"]
[White "Willberg, Frank"]
[Black "Linnert, Niklas"]
[Result "1/2-1/2"]
[WhiteElo "1893"]
[BlackElo "1998"]
[PlyCount "113"]
[EventDate "2021.10.10"]
[EventType "team-tourn"]
[EventCountry "GER"]
[WhiteTeam "Magdeburg SG Aufbau Elbe II"]
[BlackTeam "Plauen SK Koenig"]
[WhiteTeamCountry "GER"]
[BlackTeamCountry "GER"]

1. Nf3 Nf6 2. g3 d5 3. c4 e6 4. Bg2 Be7 5. O-O O-O 6. b3 c5 7. cxd5 exd5 8. d4
Nc6 9. Nc3 Be6 10. dxc5 Bxc5 11. Bb2 Re8 12. Na4 Bf8 13. Rc1 Ne4 14. Nd4 Nxd4
15. Qxd4 Qg5 16. Nc3 Nxc3 17. Rxc3 b6 18. h4 Qg4 19. Qxg4 Bxg4 20. Bxd5 Rad8
21. e4 Be2 22. Rfc1 Bc5 23. R1c2 Bd1 24. Rd2 Bg4 25. Rcd3 Kf8 26. Bd4 Bb4 27.
Bc3 Bc5 28. b4 Be7 29. Bc6 Rxd3 30. Rxd3 Rc8 31. b5 Be2 32. Re3 Bc4 33. a3 Bc5
34. Re1 Bxa3 35. Ra1 Bxb5 36. Bxg7+ Kxg7 37. Bxb5 Rc3 38. Kf1 a5 39. Ra2 Kf6
40. Ke2 Ke5 41. Bd3 Kd4 42. Bb1 b5 43. Rd2+ Kc5 44. Rd5+ Kc6 45. Bd3 Bc5 46.
Kd2 b4 47. Rf5 a4 48. Rf6+ Kd7 49. Rxf7+ Ke6 50. Rxh7 a3 51. Rh6+ Ke5 52. Rh5+
Kf6 53. Bb1 Bxf2 54. Rf5+ Ke6 55. Rxf2 Rxg3 56. Ba2+ b3 57. Bxb3+ 1/2-1/2